2020 Olympic Gymnasts - Statistics

General Stats
  • This quiz has been taken 21 times
  • The average score is 33 of 196
Answer Stats
Hint Answer % Correct
United States Simone Biles
84%
United States Sunisa Lee
84%
Russia Angelina Melnikova
63%
United States Jordan Chiles
63%
United States MyKayla Skinner
63%
Brazil Flavia Saraiva
58%
United States Jade Carey
58%
United States Grace McCallum
53%
France Melanie De Jesus Dos Santos
53%
Brazil Rebeca Andrade
53%
Russia Anastasia Iliankova
47%
China Guan Chenchen
47%
Great Britain Jennifer Gadirova
47%
Great Britain Jessica Gadirova
47%
Japan Murakami Mai
47%
Belgium Nina Derwael
47%
Italy Vanessa Ferrari
47%
Russia Viktoria Listunova
47%
Russia Vladislava Urazova
47%
Italy Alice D'Amato
42%
Great Britain Alice Kinsella
42%
Italy Asia D'Amato
42%
Germany Elisabeth Seitz
42%
Canada Ellie Black
42%
Netherlands Lieke Wevers
42%
Russia Nikita Nagornyy
42%
Netherlands Sanne Wevers
42%
China Tang Xijing
42%
South Korea Lee Yun Seo
37%
Uzbekistan Oksana Chusovitina
37%
Great Britain Amelie Morgan
32%
Canada Brooklyn Moors
32%
Netherlands Eythora Thorsdottir
32%
Australia Georgia Godwin
32%
Romania Larisa Iordache
32%
France Marine Boyer
32%
South Korea Yeo Seojeong
32%
Mexico Alexa Moreno
26%
Russia Artur Dalaloyan
26%
Japan Hashimoto Daiki
26%
Germany Kim Bui
26%
South Korea Lee Jun Ho
26%
Russia Lilia Akhaimova
26%
China Ou Yushan
26%
Germany Pauline Schafer
26%
Canada Shallon Olsen
26%
Singapore Tan Sze En
26%
Netherlands Vera van Pol
26%
Spain Alba Petisco
21%
United States Brody Malone
21%
South Africa Caitlin Rooskrantz
21%
France Carolann Heduit
21%
China Fan Yilin
21%
Switzerland Giulia Steingruber
21%
Israel Lihie Raz
21%
Germany Lukas Dauser
21%
China Lu Yufei
21%
Great Britain Max Whitlock
21%
Germany Sarah Voss
21%
China Sun Wei
21%
China Xiao Ruoteng
21%
France Aline Friess
16%
Armenia Artur Davtyan
16%
Russia David Belyavskiy
16%
Australia Emily Whitehead
16%
Portual Filipa Martins
16%
Great Britain James Hall
16%
Japan Kaya Kazuma
16%
Italy Lara Mori
16%
Belgium Lisa Vaelen
16%
China Liu Yang
16%
Belgium Maellyse Brassart
16%
Italy Martina Maggio
16%
Sri Lanka Milka Gehani
16%
South Africa Naveen Daries
16%
Cayman Islands Raegan Rutty
16%
Spain Rayderley Zapata
16%
Spain Roxana Popa
16%
United States Sam Mikulak
16%
Chile Simona Castro
16%
Japan Urara Ashikawa
16%
China You Hao
16%
China Zhang Jin
16%
China Zou Jingyuan
16%
Hungary Zsofia Kovacs
16%
Turkey Adem Asil
11%
Peru Ariana Orrego
11%
Canada Ava Stewart
11%
Slovakia Barbora Mokosova
11%
Netherlands Bart Deurloo
11%
Philippines Carlos Yulo
11%
Jamaica Danusia Francis
11%
Russia Denis Abliazin
11%
Ukraine Diana Varinska
11%
Greece Eleftherios Petrounias
11%
Russia Elena Gerasimova
11%
Malaysia Farah Ann Abdul Hadi
11%
Japan Hatakeda Hitomi
11%
Ukraine Ilia Kovtun
11%
Great Britain Joe Fraser
11%
Sweden Jonna Adlerteg
11%
Belgium Jutta Verkest
11%
Japan Kameyama Kohei
11%
Japan Kitazono Takeru
11%
Taiwan Lee Chih Kai
11%
Costa Rica Luciana Alvarado
11%
Egypt Mandy Mohamed
11%
Cuba Marcia Vidiaux
11%
Romania Marian Dragulescu
11%
Azerbaijan Marina Nekrasova
11%
Kazakhstan Milad Karimi
11%
Egypt Omar Mohamed
11%
India Pranati Nayak
11%
United States Shane Wiskus
11%
Taiwan Tang Chia Hung
11%
Taipei Ting Hua-Tien
11%
Croatia Tin Srbic
11%
Australia Tyson Bull
11%
Japan Uchimura Kohei
11%
South Korea Yang Hak Seon
11%
United States Yul Moldauer
11%
Argentina Abigail Magistrati
5%
Croatia Ana Derek
5%
Germany Andreas Toba
5%
Czech Republic Aneta Holasova
5%
Israel Artem Dolgopyat
5%
Brazil Arthur Nory
5%
Brazil Arthur Zanetti
5%
Brazil Caio Souza
5%
Mexico Daniel Corral
5%
Czech Republic David Jessen
5%
Brazil Diogo Soares
5%
Netherlands Epke Zonderland
5%
Turkey Ferhat Arican
5%
Brazil Francisco Barretto
5%
Poland Gabriela Janik
5%
Great Britain Giarnni Regini-Moran
5%
Belarus Hanna Traukova
5%
Japan Hiraiwa Yuna
5%
Taiwan Hung Yuan Hsi
5%
Turkey Ibrahim Colak
5%
Spain Joel Plata
5%
Norway Julie Erichsen
5%
South Korea Kim Han Sol
5%
Spain Laura Bechdeju
5%
China Lin Chaopan
5%
Malaysia Loo Phay Xing
5%
France Loris Frasca
5%
Italy Ludovico Edalli
5%
Italy Marco Lodadio
5%
Romania Maria Holbura
5%
Spain Marina Gonzalez
5%
Ireland Megan Ryan
5%
New Zealand Misha Koudinov
5%
Turkey Nazli Savranbasi
5%
Spain Nestor Abad
5%
Spain Nicolau Mir
5%
Germany Nils Dunkel
5%
Ukraine Petro Pakhniuk
5%
Germany Philipp Herder
5%
Lithuania Robert Tvorogal
5%
Taiwan Shaio Yu Jan
5%
Hong Kong Shek Wai Hung
5%
South Korea Shin Jae Hwan
5%
Japan Sugihara Aiko
5%
Japan Tanigawa Wataru
5%
Chile Tomas Gonzalez
5%
Nigeria Uche Eke
5%
Russia Vladislav Poliashov
5%
Egypt Zeina Ibrahim
5%
Turkey Ahmet Onder
0%
United States Alec Yoder
0%
Russia Alexander Kartsev
0%
Israel Alexander Shatilov
0%
Switzerland Benjamin Gischard
0%
Switzerland Christian Baumann
0%
France Cyril Tommasone
0%
Bulgaria David Huddleston
0%
Sweden David Rumbutis
0%
Vietnam Dinh Phuong Thanh
0%
Switzerland Eddy Yusof
0%
Austria Elisa Haemmerle
0%
Ukraine Igor Radivilov
0%
Azerbaijan Ivan Tikhonov
0%
Vietnam Le Thanh Tung
0%
Cyprus Marios Georgiou
0%
Albania Matvei Petrov
0%
Switzerland Pablo Bragger
0%
Uzbekistan Rasuljon Abdurakhimov
0%
Canada Rene Cournoyer
0%
Ireland Rhys McClenaghan
0%
South Korea Ryu Sung Hyun
0%
France Samir Ait Said
0%
Norway Sofus Heggemsnes
0%
Spain Thierno Diallo
0%
Ukraine Yevgen Yudenkov
0%
No matching quizzes found
Score Distribution
Percent of People with Each Score
Percentile by Number Answered
Your Score History
You have not taken this quiz